| 000 | 00403nam a2200145 a 4500 | ||
|---|---|---|---|
| 001 | 000022423 | ||
| 005 | 20200930011726.0 | ||
| 008 | 101011s2009 dr c 000 0 spa d | ||
| 040 |
_aDO-SdBNP _bspa _cBNPHU |
||
| 082 |
_axxxx _bC762m |
||
| 245 | 0 | 0 | _aContinuando mi recorrido solidario. |
| 260 |
_aSanto Domingo : _bDespacho Primera Dama, _c2009. |
||
| 300 |
_a123 p. : _bretrs. ; _c23 cm. |
||
| 049 | _aBNPD | ||
| 999 |
_c21921 _d21921 |
||